000 01847nam0a2200361 i 4500
001 RU\NLR\bibl\2015045
005 20260406042705.0
010 _a9785868895791
_9100
021 _aRU
_b2013-14894
_91055
035 _a(NLR Aleph) 002003462
090 _a4392110
_c4392110
100 _a20130322d2012 u y0rusy50 ca
101 1 _arus
_ceng
102 _aRU
105 _ay |||||||||
200 1 _aМое письмо к Миру
_dMy letter to the World
_e[1743 стихотворения]
_fЭмили Дикинсон
_g[пер. с англ.: Т.Ю. Полежака]
_zeng
210 _aТомск
_cИзд-во Томского государственного университета систем управления и радиоэлектроники
_d2012
215 _a254, [1] с.
_d17
300 _aАвт. также на англ. яз.: Emily Elizabeth Dickinson
300 _aНа обл. и в вып. дан. авт.: Эмили Элизабет Дикинсон
300 _aНа обороте тит. л. в аннот. авт.: "Белая затворница" или "Амхерстская монахиня" - таинственная поэтесса Э. Дикинсон
300 _aТекст парал. на рус. и англ. яз.
320 _aДр. работы переводчика в конце кн.
510 1 _6z55790
_aMy letter to the World
_zeng
686 _aШ6(7США)57-5я44{Лх1977-175}
700 1 _4070
_8rus
_7ca
_aДикинсон
_bЭ.
_f1830-1886
_gЭмили
_3RU\NLR\auth\772879
_9112886
702 1 _aПолежака
_bТ. Ю.
_gТатьяна Юрьевна
_4730
790 1 _4070
_8eng
_7ba
_aDickinson
_bE.
_f1830-1886
_gEmily
_3RU\NLR\auth\772880
_9112887
801 0 _aRU
_bNLR
_c20130322
_gRCR
801 1 _aRU
_bNLR
_c20130322
942 _cBOOK
980 _aNBR